000 00474nam a2200181Ia 4500
008 090124s9999 xx 000 0 und d
082 _b118164
100 _aवर्टी अ. वा.
245 _a पतिव्रता
250 _a1
260 _c1979
300 _a148
600 _aवर्टी अ. वा.
630 _a पतिव्रता
700 _aवर्टी अ. वा.
730 _a पतिव्रता
942 _cBOOK
999 _c164251
_d164251